[Event "GER-ch U10"]
[Site "Willingen"]
[Date "2004.05.31"]
[Round "4"]
[White "Priese, Franziska"]
[Black "Blankenstein, Julius"]
[Result "0-1"]
[WhiteElo "711"]
[BlackElo "786"]
[PlyCount "62"]
[EventDate "2004.06.??"]
[EventType "swiss"]
[EventRounds "11"]
[EventCountry "GER"]
[SourceTitle "EXT 2005"]
[Source "ChessBase"]
[SourceDate "2004.11.15"]
[SourceVersion "1"]
[SourceVersionDate "2004.11.15"]
[SourceQuality "1"]

1. e4 c5 2. Nf3 e6 3. d4 cxd4 4. Nxd4 a6 5. Nc3 b5 6. Be2 Bb7 7. Be3 b4 8. Na4 Bxe4 9. 0-0 Qc7 10. a3 bxa3 11. bxa3 Bb7 12. Nf3 d5 13. Nb6 Ra7 14. Nxd5 Bxd5 15. Bxa7 Qxa7 16. c3 Nf6 17. Qa4+ Bc6 18. Qa5 Qd7 19. Qb6 Bd6 20. Rad1 Nd5 21. Qb3 0-0 22. c4 Ba4 23. Qd3 Bxd1 24. Bxd1 Nf6 25. Bc2 Nc6 26. Ng5 g6 27. Re1 Rb8 28. Qh3 Nd8 29. Re3 Rb2 30. Rf3 Rxc2 31. Rxf6 Rc1# 0-1